Bose-Einstein condensation (Record no. 16379)

MARC details
000 -LEADER
fixed length control field 00631nam a2200193Ia 4500
003 - CONTROL NUMBER IDENTIFIER
control field IN-BaIIA
008 - FIXED-LENGTH DATA ELEMENTS--GENERAL INFORMATION
fixed length control field 211028s9999 xx 000 0 eng d
020 ## - INTERNATIONAL STANDARD BOOK NUMBER
International Standard Book Number 0-19-850719-4
040 ## - CATALOGING SOURCE
Transcribing agency IIA Library
080 ## - UNIVERSAL DECIMAL CLASSIFICATION NUMBER
Universal Decimal Classification number 539.1
Item number PIT
100 ## - MAIN ENTRY--PERSONAL NAME
Personal name Pitaevskii, Lev
9 (RLIN) 30351
245 #0 - TITLE STATEMENT
Title Bose-Einstein condensation
Statement of responsibility, etc. Lev Pitaevskii and Sandro Stringari
260 ## - PUBLICATION, DISTRIBUTION, ETC.
Place of publication, distribution, etc. Oxford
Name of publisher, distributor, etc. Clarendon Press
Date of publication, distribution, etc. 2003
300 ## - PHYSICAL DESCRIPTION
Extent x, 382p.
490 ## - SERIES STATEMENT
Series statement International series of monographs on physics; v. 116
650 ## - SUBJECT ADDED ENTRY--TOPICAL TERM
Topical term or geographic name entry element Bose - Einstein condensation
9 (RLIN) 20869
700 ## - ADDED ENTRY--PERSONAL NAME
Personal name Stringari, Sandro
9 (RLIN) 30352
942 ## - ADDED ENTRY ELEMENTS (KOHA)
Koha item type Books
Holdings
Withdrawn status Lost status Damaged status Not for loan Home library Current library Shelving location Date acquired Source of acquisition Cost, normal purchase price Total Checkouts Full call number Barcode Date last seen Cost, replacement price Price effective from Koha item type Purchase Price
        IIA Library-Bangalore IIA Library-Bangalore General Stacks 05/01/2007 OUP 5455.45   539.1/ PIT 17301 05/11/2021 5455.45 05/01/2007 Books Rs. 5455.45

Powered by Koha